| 000 | 01249nam a2200265Ia 4500 | ||
|---|---|---|---|
| 999 |
_c54959 _d54959 |
||
| 001 | 22030 | ||
| 003 | GE_BSU | ||
| 005 | 20220927124138.0 | ||
| 008 | 181216s ||||ge |||||||||||||| ||geo|| | ||
| 020 | _a9789941126031 | ||
| 040 | _cGE_BSU | ||
| 041 | _ageo | ||
| 080 | _a821.353.1(092 ჭავჭავაძე, ილია) გ-97 | ||
| 100 |
_aგურული, ვახტანგ _914851 |
||
| 245 |
_aჯვარცმული და ჯვარმცმელები : _b[ილია ჭავჭავაძის მოწამებრივი ცხოვრება] / _cვახტანგ გურული ; რედ. გიორგი პაპუაშვილი. |
||
| 264 |
_aთბილისი : _bუნივერსალი, _c2006. |
||
| 300 |
_a108 გვ. ; _c20 სმ. |
||
| 501 | _aშენიშვნები გვ. : 94-107 | ||
| 541 | _h7ლ. | ||
| 653 | _aქართული ლიტერატურა | ||
| 653 | _aჭავჭავაძე, ილია | ||
| 653 | _aჯვარცმული და ჯვარმცმელები | ||
| 700 |
_aპაპუაშვილი, გიორგი _eრედაქტორი _914852 |
||
| 942 |
_cBK _2udc |
||